000 00925naa a22002657a 4500
001 BR8206893
003 BR-BrBNA
005 20240918175216.0
007 ta
008 230509b bl.||||| |||| 00| 0 por d
040 _aBR-BrBNA
_bpor
_cBiblioteca Nacional de Agricultura
041 _a(Pt)
072 _aF04
_b0230
_b4540
090 _aF04 BR8206893
100 1 _aBraunbek, O.A. (ed.)
111 1 _a1. Seminario de Tecnologia Agronomica
_cPiracicaba, SP (Brazil)
_d24-26 Mar 1982
245 1 _aAplicacao de adubos liquidos
260 3 _aSao Paulo, SP (Brasil):
_c1982.
500 _a1. Seminario de Tecnologia Agronomica Sao Paulo, SP (Brasil): 1982. p. 287-301 (BR8206893-AM)F04
650 _aCANA DE ACUCAR
650 _aADUBO LIQUIDO
773 0 _t1. Seminario de Tecnologia Agronomica
_wF04 BR8206893
_gSao Paulo, SP (Brasil), 1982. p. 287-301
909 _a202404
_bLucia
_c55
_dLucia Elande
942 _cAM
_2AGRIS
999 _c315614
_d315614